| 000 | 00874nac a22002657a 4500 | ||
|---|---|---|---|
| 001 | BR6005029 | ||
| 003 | BR-BrBNA | ||
| 005 | 20240105121720.0 | ||
| 008 | 230509b bl.|||m| |||| 00| 0 por d | ||
| 040 |
_aBR-BrBNA _bpor _cBiblioteca Nacional de Agricultura |
||
| 072 | _aS01; F01; Q04 | ||
| 090 | _a0190 BR6005029 | ||
| 100 | 1 | _aBarreto, U.P. | |
| 110 | 1 | _aDepartamento Nacional da Producao Vegetal, Rio de Janeiro, GB (Brasil). Div. de Fomento da Producao Vegetal | |
| 245 | 1 | _aO Adlay na alimentacao nacional | |
| 260 | 3 |
_aRio de Janeiro, GB (Brasil): _c1945. |
|
| 300 | _a44 p. | ||
| 490 |
_aS.D.A. - Ministerio da Agricultura. Servico de Documentacao (Brazil) _vno. 230 _x |
||
| 500 | _a15 illus. | ||
| 650 | _aNutricao Humana | ||
| 650 | _aAdlay | ||
| 650 | _aValor Nutritivo | ||
| 909 |
_a202312 _bLúcia Elande _c55 _dLúcia Elande |
||
| 942 |
_2AGRIS _n0 _cMS |
||
| 999 |
_c286995 _d286995 |
||